|
|
|
|
| LEADER |
01538nam a2200241 a 4500 |
| 001 |
GR-MES1166 |
| 008 |
991111s gr 000 0 gre d |
| 040 |
|
|
|a GrPaTEI
|b gre
|c GR-PaULI
|
| 100 |
1 |
|
|a Galbraith, John Kenneth,
|d 1908-2006
|
| 245 |
1 |
3 |
|a Το νέον βιομηχανικόν κράτος =
|b The new industrial state.
|
| 260 |
|
|
|a Αθήνα :
|b Παπαζήσης
|
| 300 |
|
|
|a 430σελ
|
| 650 |
|
0 |
|a Industrial policy
|z United States
|
| 650 |
|
4 |
|a Βιομηχανία
|z Ηνωμένες Πολιτείες
|
| 650 |
|
4 |
|a Βιομηχανική πολιτική Αμερικής
|
| 700 |
1 |
|
|a Χατζηαργύρης, Κώστας,
|d 1914-1968
|
| 942 |
|
|
|2 ddc
|
| 952 |
|
|
|0 0
|1 0
|2 ddc
|4 0
|6 338_512000000000000_GAL
|7 0
|9 265108
|a MSLG
|b MSLG
|c BSC
|d 2021-01-17
|e 24
|f 0
|g 0.00
|l 0
|o 338.512 GAL
|p 2420000001653
|r 2021-01-17 00:00:00
|t 1
|w 2021-01-17
|y BK15
|x 20000726 0 1
|x GrPaTEI
|
| 952 |
|
|
|0 0
|1 0
|2 ddc
|4 0
|6 338_512000000000000_GAL
|7 0
|9 265109
|a MSLG
|b MSLG
|c BSC
|d 2021-01-17
|e 24
|f 0
|g 0.00
|l 0
|o 338.512 GAL
|p 2420000001654
|r 2021-01-17 00:00:00
|t 1
|w 2021-01-17
|y BK15
|x 19991111 0 1
|x GrPaTEI
|
| 952 |
|
|
|0 0
|1 0
|2 ddc
|4 0
|6 338_512000000000000_GAL
|7 0
|9 265110
|a MSLG
|b MSLG
|c BSC
|d 2021-01-17
|e 24
|f 0
|g 0.00
|l 0
|o 338.512 GAL
|p 2420000005018
|r 2021-01-17 00:00:00
|t 1
|w 2021-01-17
|y BK15
|x 19991111 0 1
|x GrPaTEI
|
| 952 |
|
|
|0 0
|1 0
|2 ddc
|4 0
|6 338_512000000000000_GAL
|7 0
|9 265111
|a MSLG
|b MSLG
|c BSC
|d 2021-01-17
|e 24
|f 0
|g 0.00
|l 0
|o 338.512 GAL
|p 2420000005026
|r 2021-01-17 00:00:00
|t 1
|w 2021-01-17
|y BK15
|x 19991111 0 1
|x GrPaTEI
|
| 971 |
|
|
|a .b25722086
|b 16-04-20
|c 13-09-16
|
| 999 |
|
|
|c 152435
|d 152435
|